000 00457nam a2200193Ia 4500
005 20240823005014.0
008 240823s9999||||xx |||||||||||||| ||und||
041 _aENGLISH
082 _A629.2 N8
100 _aKanagasabapathi R
245 0 _aAutomobile Technology
250 _a1st
260 _c1988
_b"Dhanalekshmi,Trichy"
500 _aTransfered
650 _aAutomobile
_bMechanical
700 _a Mariyappan
942 _cBK
999 _c154483
_d154483